Poemas indalianos / (Record no. 111003)

MARC details
000 -LEADER
campo de control de longitud fija 00409nam a2200145 4500
001 - NÚMERO DE CONTROL
campo de control 111003
003 - IDENTIFICADOR DE NÚMERO DE CONTROL
campo de control ES-MaACL
005 - FECHA Y HORA DE LA ÚLTIMA TRANSACCIÓN
campo de control 20230906185225.0
007 - CAMPO FIJO DE DESCRIPCIÓN FÍSICA--INFORMACIÓN GENERAL
campo de control de longitud fija t|
008 - DATOS DE LONGITUD FIJA--INFORMACIÓN GENERAL
campo de control de longitud fija 061121s1964 sp r ||||1| spa d
100 1# - ENTRADA PRINCIPAL--NOMBRE DE PERSONA
Nombre de persona Navarro Vargas, Manuel.
9 (RLIN) 85179
245 10 - MENCIÓN DEL TÍTULO
Título Poemas indalianos /
Mención de responsabilidad, etc. Manuel Navarro Vargas.
260 ## - PUBLICACIÓN, DISTRIBUCIÓN, ETC.
Lugar de publicación, distribución, etc. Almería? :
Nombre del editor, distribuidor, etc. [s. n.],
Fecha de publicación, distribución, etc. 1964 (
Fabricante Gráf. Ortiz)
852 ## - LOCALIZACIÓN
Ubicación ES-MaACL
Número de control de estantería C-25407
Sublocalización o colección R.54349
Holdings
Estatus retirado Estado de pérdida Estado de daño No para préstamo Biblioteca de origen Biblioteca actual Ubicación en estantería Fecha de adquisición Fuente de adquisición Total de préstamos Signatura topográfica completa Código de barras Visto por última vez Precio de reemplazo Tipo de ítem Koha
        Biblioteca del Ateneo de Madrid Biblioteca del Ateneo de Madrid Depósito 2 17/01/2008     C-25407 1115815 23/02/2023 23/02/2023 Libro impreso